000 02326nam0a2200361 4500
001 RU\NLR\bibl\335701
005 20260408190741.0
010 _a5-94177-002-2
_93000
035 _a(NLR Aleph) 000330634
090 _a154745
_c154745
100 _a20021118d2000 |||y0rusy50 ca
101 0 _arus
102 _aRU
105 _ay |||||||||
200 1 _aЮность державы
_e[Сб.
_fСост., послесл., указ. имен, глосарий к.ист.н. В. Наумов]
210 _aМосква
_cФонд Сергея Дубова
_d2000
215 _a514,[2] с.
_d22
225 1 _aИстория России и дома Романовых в мемуарах современников XVII - XX
320 _aБиблиогр. в подстроч. примеч.
320 _aУказ. имен: с. 453-511
327 1 _aСодерж.: Дневник камер-юнкера/ Ф.-В. Берхгольц. Записки, служащие к пояснению некоторых событий из времени царствования Петра Великого/ Г.-Ф. Бассевич
464 0 _12001#$aДневник камер-юнкера
_1700#1$aБеркгольц$bФ. В.$f1699-1765$gФридрих Вильгельм$3RU\NLR\AUTH\770233173$4070
_tДневник камер-юнкера
_aБеркгольц, Фридрих Вильгельм (1699-1765)
464 0 _12001#$aЗаписки, служащие к пояснению некоторых событий из времени царствования Петра Великого
_1700#1$aБассевич$bГ. -Ф.$gГеннинг-Фридрих$4070
_tЗаписки, служащие к пояснению некоторых событий из времени царствования Петра Великого
_aБассевич, Геннинг-Фридрих
607 _aСССР
_xИстория
_xОтзывы иностранцев
_z18 в.
_92081324
_3RU\NLR\auth\661257302
607 _aРоссия
_xИстория
_xОтзывы иностранцев
_z18 в.
_92079135
_3RU\NLR\auth\661255008
686 _aТ3(2)462,013
702 1 _aНаумов
_bВ.
_4220
801 0 _aRU
_bNLR
_c20021118
_gPSBO
801 1 _aRU
_bNLR
_c20021118
942 _cBOOK
980 _aNB